|
|
|
|
| LEADER |
01801nam a2200445 i 4500 |
| 001 |
EBC1699531 |
| 003 |
MiAaPQ |
| 005 |
20200520144314.0 |
| 006 |
m o d | |
| 007 |
cr cnu|||||||| |
| 008 |
140619t20142014enka ob 001 0 eng d |
| 020 |
|
|
|z 9781118627877
|
| 020 |
|
|
|a 9781118628133
|q (electronic bk.)
|
| 035 |
|
|
|a (MiAaPQ)EBC1699531
|
| 035 |
|
|
|a (Au-PeEL)EBL1699531
|
| 035 |
|
|
|a (CaPaEBR)ebr10881238
|
| 035 |
|
|
|a (CaONFJC)MIL615341
|
| 035 |
|
|
|a (OCoLC)881162186
|
| 040 |
|
|
|a MiAaPQ
|b eng
|e rda
|e pn
|c MiAaPQ
|d MiAaPQ
|
| 043 |
|
|
|a mm-----
|
| 050 |
|
4 |
|a HC31
|b .J64 2014
|
| 082 |
0 |
|
|a 330.937
|2 23
|
| 100 |
1 |
|
|a Jones, Donald W.,
|e author.
|
| 245 |
1 |
0 |
|a Economic theory and the ancient Mediterranean /
|c Donald W. Jones.
|
| 264 |
|
1 |
|a Chichester, [England] :
|b Wiley Blackwell,
|c 2014.
|
| 264 |
|
4 |
|c 2014
|
| 300 |
|
|
|a 1 online resource (604 pages) :
|b illustrations
|
| 336 |
|
|
|a text
|2 rdacontent
|
| 337 |
|
|
|a computer
|2 rdamedia
|
| 338 |
|
|
|a online resource
|2 rdacarrier
|
| 504 |
|
|
|a Includes bibliographical references at the end of each chapters and index.
|
| 588 |
|
|
|a Description based on print version record.
|
| 590 |
|
|
|a Electronic reproduction. Ann Arbor, MI : ProQuest, 2015. Available via World Wide Web. Access may be limited to ProQuest affiliated libraries.
|
| 650 |
|
0 |
|a Econometrics.
|
| 651 |
|
0 |
|a Mediterranean Region
|x Economic conditions.
|
| 651 |
|
0 |
|a Mediterranean Region
|x History
|y To 476.
|
| 655 |
|
4 |
|a Electronic books.
|
| 776 |
0 |
8 |
|i Print version:
|a Jones, Donald W.
|t Economic theory and the ancient Mediterranean.
|d Chichester, [England] : Wiley Blackwell, c2014
|h xv, 584 pages
|z 9781118627877
|w 2014001157
|
| 797 |
2 |
|
|a ProQuest (Firm)
|
| 856 |
4 |
0 |
|u https://ebookcentral.proquest.com/lib/matrademy/detail.action?docID=1699531
|z Click to View
|